INTERNATIONAL HIGHER EDUCATION (Record no. 32074)

MARC details
000 -LEADER
fixed length control field 00357nam a22001577a 4500
003 - CONTROL NUMBER IDENTIFIER
control field OSt
005 - DATE AND TIME OF LATEST TRANSACTION
control field 20220304090535.0
008 - FIXED-LENGTH DATA ELEMENTS--GENERAL INFORMATION
fixed length control field 220304b |||||||| |||| 00| 0 eng d
040 ## - CATALOGING SOURCE
Transcribing agency HU
082 ## - DEWEY DECIMAL CLASSIFICATION NUMBER
Classification number 378
100 ## - MAIN ENTRY--PERSONAL NAME
Personal name PHILIP G. ALTBACH
9 (RLIN) 31988
245 ## - TITLE STATEMENT
Title INTERNATIONAL HIGHER EDUCATION
260 ## - PUBLICATION, DISTRIBUTION, ETC.
Name of publisher, distributor, etc. hall
Date of publication, distribution, etc. 2006
300 ## - PHYSICAL DESCRIPTION
Extent 185
942 ## - ADDED ENTRY ELEMENTS (KOHA)
Source of classification or shelving scheme Dewey Decimal Classification
Koha item type Books like text book referance book
Suppress in OPAC No
Holdings
Withdrawn status Lost status Source of classification or shelving scheme Damaged status Not for loan Home library Current library Shelving location Date acquired Total Checkouts Full call number Barcode Date last seen Copy number Price effective from Koha item type
    Dewey Decimal Classification     Social Library Social Library General Stacks 03/04/2022   378/ALT SHLIB 00004111 03/04/2022 1 03/04/2022 Books like text book referance book